|
000
|
01371nam 2200277 450
|
|
001
|
012023000427
|
|
005
|
20230223131402.9
|
|
010
|
|
@a978-7-5359-7723-6@dCNY49.80
|
|
100
|
|
@a20220307d2022 em y0chiy50 ea
|
|
101
|
0
|
@achi
|
|
102
|
|
@aCN@b440000
|
|
105
|
|
@aak z 000yy
|
|
106
|
|
@ar
|
|
200
|
1
|
@a香港点心@Axiang gang dian xin@d= Dim sum in Hong Kong@i顶级点心师@e升级版@f黄健钦编著@zeng
|
|
210
|
|
@a广州@c广东科技出版社@d2022.1
|
|
215
|
|
@a129页@c彩图@d26cm
|
|
306
|
|
@a本书中文简体版由香港万里机构出版有限公司授权广东科技出版社有限公司在中国内地出版发行
|
|
314
|
|
@a黄健钦, 资深专业点心师, 从事点心行业超40年, 曾任美心集团中菜行政副总厨, 好彩集团董事经理。
|
|
330
|
|
@a本书汇集了香港著名点心师黄健钦的多年心血。书中呈现了香港传统点心、创意点心、像生点心等三个类别, 共58款高水准点心。采用精美的彩图展示每款点心的制作过程, 步骤清晰, 循序渐进, 同时还深入解析点心的制作标准和制作精要。读者可按图操作, 无师自通。有一定基础的餐饮从业人员, 更可按图索骥, 在短期内掌握技巧, 提高专业水平。除此之外, 书中的专业点心师札记还能有效引导读者挑选食材, 利用五感判断点心品质。
|
|
510
|
1
|
@aDim sum in Hong Kong@zeng
|
|
517
|
1
|
@a顶级点心师@Ading ji dian xin shi
|
|
606
|
0
|
@a面食@Amian shi@x食谱@y香港
|
|
690
|
|
@aTS97@v5
|
|
701
|
0
|
@a黄健钦@Ahuang jian qin@4编著
|
|
801
|
0
|
@aCN@bCDNYKJZYXY@c20220307
|
|
905
|
|
@aCDNYKJZYXY@b300678549-51@dTS97@e1265@f3
|
|
|
|
|
| |
| 香港点心= Dim sum in Hong Kong.顶级点心师:升级版/黄健钦编著.-广州:广东科技出版社,2022.1 |
| 129页:彩图;26cm |
| |
| |
| ISBN 978-7-5359-7723-6:CNY49.80 |
| 本书汇集了香港著名点心师黄健钦的多年心血。书中呈现了香港传统点心、创意点心、像生点心等三个类别, 共58款高水准点心。采用精美的彩图展示每款点心的制作过程, 步骤清晰, 循序渐进, 同时还深入解析点心的制作标准和制作精要。读者可按图操作, 无师自通。有一定基础的餐饮从业人员, 更可按图索骥, 在短期内掌握技巧, 提高专业水平。除此之外, 书中的专业点心师札记还能有效引导读者挑选食材, 利用五感判断点心品质。 |
| ● |
正题名:香港点心
索取号:TS97/1265
 
预约/预借
| 序号
|
登录号
|
条形码
|
馆藏地/架位号
|
状态
|
备注
|
|
1
|
678549
|
300678549
|
柳城-4楼/67架9列4层/
[索取号:TS97/1265]
|
在馆
|
|
|
2
|
678550
|
300678550
|
柳城-4楼/67架9列4层/
[索取号:TS97/1265]
|
在馆
|
|
|
3
|
678551
|
300678551
|
柳城-4楼/67架9列4层/
[索取号:TS97/1265]
|
在馆
|
|